000 02225cam a2200169 4500500
005 20260222004730.0
041 _afre
042 _adc
100 1 0 _aLanglois, Claude
_eauthor
245 0 0 _aThérèse en quête d'un frère
260 _c2010.
500 _a38
520 _aRésuméClaude Langlois jette un regard critique sur le rapport de Thérèse aux missions, en mettant en cause la figure construite à partir de 1927 et en revenant au déroulement de l’histoire d’une moniale qui montre un intérêt tardif pour les missions, lié à sa rencontre en 1896 avec le Père Roulland, envoyé en Chine, et qui révèle l’ambivalence de son attitude quand on envisage son départ ou celui des siens pour une fondation lointaine. Toutefois, c’est la relecture de ses écrits, dans une perspective tant anthropologique (le rapport de Thérèse à ses frères) que théologique (ses deux grands manuscrits A et C) qui permet de mieux comprendre les intuitions d’une pensée innovante, tout en montrant la place qu’elle accorde au désir du martyre, inscrit au cœur de son écrit le plus poétique (le manuscrit B).
520 _aTheresa of Lisieux: The Carmelite and the missionsClaude Langlois gives a critical look at the portrait of Teresa and the missions, examining carefully the picture that grew up from 1927, telling the story of a nun who showed a late interest in the missions, linked to her meeting in 1896 with Fr. Roulland who was sent to China, which reveals the ambivalence of her attitude when imagining the departure of himself or his colleagues for a far off foundation. However, it is by looking again at her writings from both an anthropological (the relations of Teresa with her brothers) and a theological standpoint (her two large manuscripts A and C) that we can more easily appreciate the intuitions of an innovative thought, while showing the place that she gives to a desire for martyrdom, which is at the heart of her most poetic writing (manuscript B).
786 0 _nHistoire et missions chrétiennes | 15 | 3 | 2010-09-01 | p. 57-59 | 1957-5246
856 4 1 _uhttps://shs.cairn.info/revue-histoire-monde-et-cultures-religieuses1-2010-3-page-57?lang=fr&redirect-ssocas=7080
999 _c1668760
_d1668760